000 00328 a2200145 4500
999 _c12125
_d12125
003 OSt
005 20240117173243.0
008 240117b ||||| |||| 00| 0 eng d
020 _a9788496263215
082 _a745.4095
100 _aTatjana Schantz Johnsson
245 _aIn Style Asia
260 _bUNKNO
_c2007
942 _2ddc